|
|
|
|
| LEADER |
01695nam a2200337 a 4500 |
| 001 |
40039 |
| 003 |
BD-DhAAL |
| 008 |
221114t2009 mau b 001 0 eng d |
| 999 |
|
|
|c 45034
|d 45034
|
| 010 |
|
|
|a 2009004723
|
| 020 |
|
|
|a 9780674035140 (alk. paper)
|
| 040 |
|
|
|a DLC
|c DLC
|d DLC
|d BD-DhAAL
|
| 043 |
|
|
|a n-us---
|
| 050 |
0 |
0 |
|a HB3722
|b .P67 2009
|
| 082 |
0 |
0 |
|a 330.973
|2 22
|
| 100 |
1 |
|
|a Posner, Richard A.
|9 52321
|
| 245 |
1 |
2 |
|a A failure of capitalism :
|b the crisis of '08 and the descent into depression /
|c Richard A. Posner.
|
| 260 |
|
|
|a Cambridge, Mass. :
|b Harvard University Press,
|c 2009.
|
| 300 |
|
|
|a xix, 346 pages ;
|c 19 cm.
|
| 504 |
|
|
|a Includes bibliographical references (pages 333-336) and index.
|
| 505 |
0 |
|
|a The depression and its proximate causes -- The crisis in banking -- The underlying causes -- Why a depression was not anticipated -- The government responds -- A silver lining? -- What we are learning about capitalism and government -- The economics profession asleep at the switch -- Apportioning blame -- The way forward -- The future of conservatism.
|
| 541 |
|
|
|a Donated By Akbar Ali Khan
|e 40039
|
| 650 |
|
0 |
|a Financial crises
|z United States.
|9 52322
|
| 650 |
|
0 |
|a Depressions.
|9 52323
|
| 650 |
|
0 |
|a Capitalism.
|9 52324
|
| 650 |
|
0 |
|a Economics.
|9 52325
|
| 651 |
|
0 |
|a United States
|x Economic conditions
|y 2001-2009.
|9 52326
|
| 651 |
|
0 |
|a United States
|x Economic policy
|y 2001-2009.
|9 52327
|
| 852 |
|
|
|a Ayesha Abed Library
|c Akbar Ali Khan Collection
|
| 942 |
|
|
|2 ddc
|c BK
|
| 952 |
|
|
|0 0
|1 0
|2 ddc
|4 0
|6 330_973000000000000_POS
|7 1
|9 72335
|a BRACUL
|b BRACUL
|c AAKC
|d 2022-11-14
|e Donated by Akbar Ali Khan
|g 2439.33
|l 0
|o 330.973 POS
|p 3010040039
|r 2022-11-14
|t 1
|w 2022-11-14
|y BK
|x $23.95
|